<?xml version="1.0" encoding="UTF-8"?><?xml-stylesheet type="text/xsl" href="static/style.xsl"?><OAI-PMH xmlns="http://www.openarchives.org/OAI/2.0/" xmlns:xsi="http://www.w3.org/2001/XMLSchema-instance" xsi:schemaLocation="http://www.openarchives.org/OAI/2.0/ http://www.openarchives.org/OAI/2.0/OAI-PMH.xsd"><responseDate>2026-04-14T13:01:58Z</responseDate><request verb="GetRecord" identifier="oai:uvadoc.uva.es:10324/20004" metadataPrefix="marc">https://uvadoc.uva.es/oai/request</request><GetRecord><record><header><identifier>oai:uvadoc.uva.es:10324/20004</identifier><datestamp>2025-01-16T10:05:02Z</datestamp><setSpec>com_10324_38</setSpec><setSpec>col_10324_852</setSpec></header><metadata><record xmlns="http://www.loc.gov/MARC21/slim" xmlns:doc="http://www.lyncode.com/xoai" xmlns:xsi="http://www.w3.org/2001/XMLSchema-instance" xmlns:dcterms="http://purl.org/dc/terms/" xsi:schemaLocation="http://www.loc.gov/MARC21/slim http://www.loc.gov/standards/marcxml/schema/MARC21slim.xsd">
<leader>00925njm 22002777a 4500</leader>
<datafield tag="042" ind1=" " ind2=" ">
<subfield code="a">dc</subfield>
</datafield>
<datafield tag="720" ind1=" " ind2=" ">
<subfield code="a">Paniagua Vidal, Ana</subfield>
<subfield code="e">author</subfield>
</datafield>
<datafield tag="260" ind1=" " ind2=" ">
<subfield code="c">2016</subfield>
</datafield>
<datafield tag="520" ind1=" " ind2=" ">
<subfield code="a">El presente Trabajo Fin de Grado expone un recorrido por la educación plástica en el segundo ciclo de Educación Infantil, tanto en el currículo, a lo largo de los años como actualmente, y en el aula ideal de infantil para un desarrollo de educación artística, contando con una metodología basada en la teoría de las inteligencias múltiples de Gardner. La segunda parte del documento consiste en una propuesta didáctica, afianzando cada inteligencia, y teniendo como hilo conductor a Pablo Ruiz Picasso, conociendo sus obras, biografía, utilizando técnicas y recursos artísticos y destinada a niños de tres años de edad.</subfield>
</datafield>
<datafield tag="024" ind2=" " ind1="8">
<subfield code="a">http://uvadoc.uva.es/handle/10324/20004</subfield>
</datafield>
<datafield ind1=" " ind2=" " tag="653">
<subfield code="a">[Pendiente de asignar]</subfield>
</datafield>
<datafield tag="245" ind1="0" ind2="0">
<subfield code="a">La Educación Artística en el aula de Educación Infantil: una propuesta didáctica inspirada en la Teoría de las Inteligencias múltiples a través de la figura de Pablo Picasso</subfield>
</datafield>
</record></metadata></record></GetRecord></OAI-PMH>